00695nam a2200157Ia 4500008004100000020001800041050001600059100002400075245015400099250000600253260002500259300001100284500012100295650009100416700003000507120626s9999 xx 000 0 und d a968-23-1222-1 aHV6025 B274 aBARATTA, Alessandro aCriminología crítica y crítica del derecho penal ; introducción a la sociología jurídico-penal / Alessandro Baratta; tr. Alvaro Búnster a8 aMéxico : Siglo XXI a258 p. aTraducción de : Criminologia critica e critica del diritto penale ; introduzione alla sociologia giuridico- penale a1. JUSTICIA PENAL, ADMINISTRACIÓN DE 2. DELITOS Y DELINCUENTES -- ASPECTOS SOCIALES aBúnster, Alvaro, tr.Ì